Abbreviations Representing States and Elements - Statistics

General Stats
  • This quiz has been taken 41 times
  • The average score is 9 of 16
Answer Stats
Abbreviation % Correct
Al
87%
Ca
87%
Co
74%
Ar
71%
Fl
71%
Mo
65%
Ga
55%
Ne
55%
La
52%
Mn
52%
In
45%
Nd
45%
Sc
42%
Md
39%
Pa
39%
Mt
35%
No matching quizzes found
Score Distribution
Percent of People with Each Score
Percentile by Number Answered
Your Score History
You have not taken this quiz